000 00413nam a2200121Ia 4500
008 220620s9999||||xx |||||||||||||| ||und||
100 _aKling, Jennifer
245 0 _aPacifism, Politics, and Feminism
_bIntersections and Innovations
546 _aEnglish[eng]
650 _aPhilosophy||Ethics & moral philosophy
856 _uhttps://library.oapen.org/bitstream/20.500.12657/53868/1/9789004396722.pdf
942 _cEB
999 _c21852
_d21852